Sayoku dantai jiten, '66 /
Saved in:
| Corporate Author: | |
|---|---|
| Format: | Book |
| Language: | Japanese |
| Published: |
Tōkyō :
Kyokutō Shuppansha,
Shōwa 41 [1966]
|
| Edition: | Shohan. |
| Subjects: | |
| Tags: |
Add Tag
No Tags, Be the first to tag this record!
|
| LEADER | 01240cam a2200313 a 4500 | ||
|---|---|---|---|
| 001 | 007747228-4 | ||
| 005 | 20024617120653.0 | ||
| 008 | 930813s1966 ja fr 001 0 jpn d | ||
| 035 | 0 | |a ocm28629075 | |
| 035 | 0 | |a ocm28629075 |z ocm13153357 | |
| 040 | |a MoSW |c MoSW |d CLSU |d OCoLC |d *YNH* |d CStRLIN | ||
| 043 | |a a-ja--- | ||
| 245 | 0 | 0 | |6 880-01 |a Sayoku dantai jiten, '66 / |c Shakai Undō Chōsakai hen. |
| 250 | |6 880-02 |a Shohan. | ||
| 260 | |6 880-03 |a Tōkyō : |b Kyokutō Shuppansha, |c Shōwa 41 [1966] | ||
| 300 | |a 764, 9 p. ; |c 19 cm. | ||
| 500 | |6 880-04 |a First ed. published in 1958 under title: Sayoku dantai yōran. | ||
| 500 | |a Includes index (p. 1-9, 2nd group) | ||
| 500 | |6 880-05 |a Includes directory: Jinmeibo (p. [713]-764) | ||
| 650 | 0 | |a Socialism |z Japan |x Handbooks, manuals, etc. | |
| 710 | 2 | |6 880-06 |a Shakai Undō Chōsakai. | |
| 880 | 0 | 0 | |6 245-01 |a 左翼団体事典, '66 / |c 社会運動調查会編. |
| 880 | |6 250-02 |a 初版. | ||
| 880 | |6 260-03 |a 東京 : |b 極東出版社, |c 昭和41 [1966] | ||
| 880 | |6 500-04 |a First ed. published in 1958 under title: 左翼団体要覽. | ||
| 880 | |6 500-05 |a Includes directory: 人名簿 (p. [713]-764) | ||
| 880 | 2 | |6 710-06 |a 社会運動調查会. | |
| 988 | |a 20021217 | ||
| 906 | |0 OCLC | ||


